000 00809nam a22002657a 4500
003 OSt
005 20260401085333.0
008 260401b |||||||| |||| 00| 0 eng d
020 _a978146785059
020 _a9781476785073 (ebook)
040 _cScribner
041 _aenglish
050 _aPS 3570 .H53 2015
_b .H53 2015
100 _aThomas, Abigail,
245 _aWhat comes next and how to like it :
_ba memoir /
_cAbigail Thomas.
250 _a1st edition
260 _aNew York :
_bScribner,
_c2015.
300 _a224 pages,
_bhardcover;
_c21.2 cm.
500 _aA memoir reflecting on aging, loss, and acceptance.
600 _aThomas, Abigail,
650 _aOlder women
_xBiography.
650 _aAging
_xPsychological aspects.
650 _aLoss (Psychology)
942 _2lcc
_cBK
_e1st ed.
_n0
999 _c10012
_d10012